The archaeology of Tanamu 1 : a pre-Lapita to post-Lapita site from Caution Bay, south coast of mainland Papua New Guinea /
Presenting results from Tanamu 1, the first site to be published in detail in the Caution Bay Studies in Archaeology series. Yielding well-provenanced and finely dated assemblages of ceramics, faunal remains, and stone and shell artefacts, these remarkable sites extend the range of the Lapita cultur...
مؤلفون آخرون:
التنسيق: كتاب الكتروني
اللغة: English
منشور في:
Oxford :
Archaeopress Archaeology,
2022.
سلاسل:
Caution Bay studies in archaeology ;
2.
الموضوعات:
الوصول للمادة أونلاين: Login to view Source
الوسوم: إضافة وسم
رقم الطلب: DU740.3
| LEADER | 02265nam a2200445 i 4500 | ||
|---|---|---|---|
| 001 | EDZ0002826395 | ||
| 003 | StDuBDS | ||
| 005 | 20230412183311.0 | ||
| 006 | m|||||o||d|||||||| | ||
| 007 | cr ||||||||||| | ||
| 008 | 220520s2022 enkab fob 000|0|eng|d | ||
| 020 | |a 9781803270890 (PDF ebook) : |c No price | ||
| 040 | |a StDuBDS |b eng |c StDuBDS |e rda |e pn | ||
| 050 | 4 | |a DU740.3 | |
| 082 | 0 | 4 | |a 995.3 |2 23 |
| 245 | 0 | 4 | |a The archaeology of Tanamu 1 : |b a pre-Lapita to post-Lapita site from Caution Bay, south coast of mainland Papua New Guinea / |c edited by Bruno David, Katherine Szabó, Matthew Leavesley, Ian J. McNiven, Jeremy Ash, Thomas Richards. |
| 264 | 1 | |a Oxford : |b Archaeopress Archaeology, |c 2022. | |
| 300 | |a 1 online resource (xii, 351 pages) : |b illustrations (black and white, and colour), maps (black and white, and colour). | ||
| 336 | |a text |2 rdacontent | ||
| 336 | |a still image |2 rdacontent | ||
| 336 | |a cartographic image |2 rdacontent | ||
| 337 | |a computer |2 rdamedia | ||
| 338 | |a online resource |2 rdacarrier | ||
| 490 | 1 | |a Caution Bay studies in archaeology ; |v 2 | |
| 500 | |a Also issued in print: 2022. | ||
| 504 | |a Includes bibliographical references. | ||
| 506 | 0 | |a Open access. | |
| 520 | 8 | |a Presenting results from Tanamu 1, the first site to be published in detail in the Caution Bay Studies in Archaeology series. Yielding well-provenanced and finely dated assemblages of ceramics, faunal remains, and stone and shell artefacts, these remarkable sites extend the range of the Lapita cultural complex to the south coast of Papua New Guinea. | |
| 521 | |a Specialized. | ||
| 588 | |a Description based on online resource; title from PDF title page (viewed on July 4, 2022). | ||
| 650 | 0 | |a Excavations (Archaeology) |z Papua New Guinea. | |
| 651 | 0 | |a Papua New Guinea |x Antiquities. | |
| 650 | 0 | |a Lapita culture |z Papua New Guinea. | |
| 700 | 1 | |a David, Bruno, |d 1962- |e editor. | |
| 776 | 0 | 8 | |i Print version : |z 9781803270883 |
| 830 | 0 | |a Caution Bay studies in archaeology ; |v 2. | |
| 856 | 4 | 0 | |3 Archaeopress |u http://library.arce.org:8087/Archaeopress/Products/9781803270883 |
| 942 | |2 lcc |c EBOOK | ||
| 952 | |0 0 |1 0 |4 0 |6 DU07403 |7 1 |9 46935 |a ARCH |b ARCH |d 2023-04-12 |l 0 |o DU740.3 |r 2023-04-12 00:00:00 |w 2023-04-12 |y EBOOK | ||
| 999 | |c 52593 |d 52593 | ||
